| 000 | 00430cam a2200181ua 4500 | ||
|---|---|---|---|
| 020 | _c2.00 | ||
| 041 |
_ahin _h |
||
| 082 |
_a891.43 _bVID/EK |
||
| 100 | _aVidyavadi, M A . | ||
| 245 |
_aEkanki Sapthami / _cM A Vidyavadi. _hTextual Documents |
||
| 250 |
_a2 / _b. |
||
| 260 |
_aTrivandrum : _bSreelekha prakashan , _c1972. |
||
| 300 | _a96 ; . | ||
| 365 | _a2.00 | ||
| 504 | _a | ||
| 942 | _cBK | ||
| 999 |
_c12511 _d12511 |
||